00779nam a2200193 a 450000100100000000500170001000800410002702000150006804000250008308200150010810000290012324501150015225000110026726000440027830000340032259000260035695201860038299900170056800003540120200930074321.0111031s1986 xxua r 000 0 spa d a0130295884 aDO-SdBNPbspacBNPHU axxxxbxxxx1 aLugton, Robert C.96122810aAmerican topics :ba reading-vocabulary text for speakers of english as a second language /cRobert C. Lugton. a2a ed. aEstados Unidos :bPrentice-Hall,c1986. axxiv, 264 p. :bil. ;c23 cm. aInventariado, 2019/BT 001050718MOaGRbGRcHDd2011-10-31iLF1l0oxxxx xxxxp35401-10r2020-06-25w2020-06-25y1zPerteneció a la biblioteca personal de Juan Isidro Jimenes Grullón.ZNo se presta c34892d34892